[Event "FIDE Open World Blitz 2021"]
[Site "Warsaw"]
[Date "2021.12.30"]
[Round "14.50"]
[White "Chigaev, Maksim"]
[Black "Donchenko, Alexander"]
[Result "0-1"]
[WhiteElo "2626"]
[BlackElo "2645"]
[Annotator "ChessBase"]
[PlyCount "118"]
[EventDate "2021.12.29"]
[EventType "swiss"]
[EventCountry "POL"]
[Tiebreak "Cut1 Buchholz"]
[SourceTitle "playchess.com"]
[Source "ChessBase"]
[SourceQuality "1"]

1. d4 Nf6 2. c4 e6 3. Nf3 d5 4. g3 Bb4+ 5. Nbd2 dxc4 6. Bg2 b5 7. a3 Bxd2+ 8.
Nxd2 c6 9. a4 Nd5 10. O-O Bb7 11. Ne4 Na6 12. axb5 cxb5 13. Rxa6 Bxa6 14. Nc5
Bc8 15. e4 Nb6 16. d5 exd5 17. exd5 O-O 18. d6 Rb8 19. Re1 Nd7 20. Be3 Re8 21.
Bc6 Nxc5 22. Bxe8 Nd3 23. Bxa7 Nxe1 24. Qxe1 Ra8 25. Bc5 Bd7 26. Bxd7 Qxd7 27.
Qe4 Re8 28. Qd5 h6 29. h4 Rc8 30. Bb4 Re8 31. Kh2 Re2 32. Qd4 Qf5 33. Kg2 Qe4+
34. Qxe4 Rxe4 35. Bc5 Re5 36. Bb4 Rd5 37. Kf3 Kf8 38. Ke4 Rd3 39. h5 Ke8 40. g4
Kd7 41. f4 f6 42. Kf5 Rb3 43. Bc5 Rxb2 44. Kg6 c3 45. Kxg7 c2 46. Be3 Rb3 47.
Bc1 Rb1 48. Be3 c1=Q 49. Bxc1 Rxc1 50. Kxf6 Rc4 51. Ke5 b4 52. g5 b3 53. g6 b2
54. g7 Rc8 55. f5 b1=Q 56. Kf6 Rg8 57. Kg6 Rxg7+ 58. Kxg7 Qxf5 59. Kxh6 Kxd6
0-1

[Event "FIDE Open World Blitz 2021"]
[Site "Warsaw"]
[Date "2021.12.30"]
[Round "14.51"]
[White "Sankalp, Gupta"]
[Black "Saric, Ivan"]
[Result "1/2-1/2"]
[WhiteElo "2323"]
[BlackElo "2665"]
[Annotator "ChessBase"]
[PlyCount "182"]
[EventDate "2021.12.29"]
[EventType "swiss"]
[EventCountry "POL"]
[Tiebreak "Cut1 Buchholz"]
[SourceTitle "playchess.com"]
[Source "ChessBase"]
[SourceQuality "1"]

1. d4 c5 2. d5 Nf6 3. Nf3 g6 4. Nc3 Bg7 5. e4 d6 6. Bb5+ Bd7 7. a4 O-O 8. O-O
Bxb5 9. axb5 Nbd7 10. h3 Ne8 11. Bf4 Nc7 12. Qd3 Nb6 13. Nd2 Qd7 14. Ra5 a6 15.
bxa6 Rxa6 16. Rxa6 Nxa6 17. Nd1 Nb4 18. Qb3 Qa4 19. Qxa4 Nxa4 20. b3 Nc3 21.
Nxc3 Bxc3 22. Nb1 Bg7 23. c3 Nd3 24. Bg5 f6 25. Be3 f5 26. exf5 gxf5 27. Rd1
Ne5 28. f4 Nd7 29. c4 Ra8 30. Nd2 Ra2 31. Nf3 Rb2 32. Rd3 Bf6 33. g4 fxg4 34.
hxg4 Kf7 35. g5 Bg7 36. f5 Ne5 37. Nxe5+ Bxe5 38. Bd2 Kg8 39. Kf1 Rb1+ 40. Kg2
Rd1 41. Kf3 Rh1 42. Kg4 Rg1+ 43. Kf3 Kf7 44. Kf2 Rh1 45. Kg2 Rd1 46. Kf3 b6 47.
Ke2 Rh1 48. Rf3 Rb1 49. Rh3 Kg8 50. Rf3 Rg1 51. Rh3 Rg2+ 52. Kd3 Rf2 53. g6
hxg6 54. fxg6 Bf6 55. Bc3 Kg7 56. Bxf6+ Kxf6 57. Rh7 Rf3+ 58. Kc2 Re3 59. g7
Kf7 60. Kd2 Re5 61. Kd3 b5 62. cxb5 Rxd5+ 63. Kc3 Rd4 64. g8=Q+ Kxg8 65. Rxe7
Rb4 66. Rd7 Rxb5 67. Rxd6 Kf7 68. Rd3 Ke6 69. Kc4 Ra5 70. Rd5 Ra1 71. Rxc5 Kd6
72. Kb5 Ra8 73. b4 Rb8+ 74. Ka4 Ra8+ 75. Kb3 Rb8 76. Rc1 Kd5 77. Rc2 Kd6 78.
Rc5 Kd7 79. Kc4 Kd6 80. b5 Rg8 81. Rc6+ Kd7 82. Kc5 Rb8 83. Kb4 Rc8 84. Rh6 Kc7
85. Ka5 Kb7 86. Rh7+ Kb8 87. Kb6 Re8 88. Ka6 Ka8 89. b6 Kb8 90. Rb7+ Ka8 91.
Rd7 Kb8 1/2-1/2

[Event "FIDE Open World Blitz 2021"]
[Site "Warsaw"]
[Date "2021.12.30"]
[Round "14.52"]
[White "Narayanan.S.L"]
[Black "Blohberger, Felix"]
[Result "1-0"]
[WhiteElo "2570"]
[BlackElo "2490"]
[Annotator "ChessBase"]
[PlyCount "111"]
[EventDate "2021.12.29"]
[EventType "swiss"]
[EventCountry "POL"]
[Tiebreak "Cut1 Buchholz"]
[SourceTitle "playchess.com"]
[Source "ChessBase"]
[SourceQuality "1"]

1. d4 Nf6 2. c4 e6 3. Nf3 Bb4+ 4. Bd2 a5 5. Nc3 b6 6. g3 Bb7 7. Bg2 Bxc3 8.
Bxc3 Ne4 9. Rc1 Nxc3 10. Rxc3 d6 11. O-O Nd7 12. d5 e5 13. e4 O-O 14. b3 Nc5
15. Nh4 Re8 16. Nf5 Bc8 17. Ne3 Bd7 18. h4 b5 19. cxb5 Bxb5 20. Re1 Bd7 21. Qc2
Qb8 22. Rb1 Qb4 23. Rc4 Qb6 24. Kh2 Reb8 25. Rc1 Qa6 26. Bh3 Bb5 27. Rxc5 dxc5
28. Qxc5 Bd3 29. Qxc7 Bxe4 30. Qxe5 Re8 31. Qb2 Rad8 32. Rd1 h6 33. Bg2 Qg6 34.
Rd4 Bxg2 35. Kxg2 Qf6 36. Qd2 Qb6 37. Nc4 Qc5 38. Rd3 a4 39. Ne3 axb3 40. axb3
h5 41. Rd4 g6 42. b4 Qb6 43. d6 Qc6+ 44. Kh2 Re6 45. Nd5 Rdxd6 46. Ne7+ Rxe7
47. Rxd6 Qf3 48. Qd4 Kh7 49. Rd8 f6 50. Rd7 Rxd7 51. Qxd7+ Kh6 52. Qd2+ g5 53.
b5 Kg6 54. Qc2+ Kh6 55. hxg5+ fxg5 56. Qc6+ 1-0

[Event "FIDE Open World Blitz 2021"]
[Site "Warsaw"]
[Date "2021.12.30"]
[Round "15.1"]
[White "Carlsen, Magnus"]
[Black "Giri, Anish"]
[Result "0-1"]
[WhiteElo "2855"]
[BlackElo "2774"]
[Annotator "TA"]
[PlyCount "86"]
[EventDate "2021.12.29"]
[EventType "swiss"]
[EventCountry "POL"]
[Tiebreak "Cut1 Buchholz"]
[SourceTitle "playchess.com"]
[Source "ChessBase"]
[SourceQuality "1"]

1. e4 e5 2. Nf3 Nc6 3. Bb5 Nf6 4. d3 Bc5 5. Bxc6 dxc6 6. O-O Bg4 7. Bg5 h6 8.
Bh4 Qe7 9. Nbd2 O-O-O 10. Bg3 Nd7 11. c3 Kb8 12. b4 Bd6 13. a4 g5 14. b5 c5 15.
a5 h5 16. h4 gxh4 17. Bxh4 f6 18. Qb3 Rhg8 19. Bg3 Be6 20. Qa4 Rg4 21. Nh2 Rg7
22. Ndf3 Rdg8 23. Nh4 c4 24. dxc4 Nc5 25. Qc2 Qf7 26. b6 cxb6 27. axb6 a6 28.
Rfd1 Be7 29. Rd5 Bxd5 30. cxd5 Bd8 31. Nf5 Rg6 32. Nf3 Qd7 33. N3h4 Rg4 34. Nh6
Nxe4 35. Nxg8 Nxg3 36. fxg3 Bxb6+ 37. Kh2 Rxg8 38. Rb1 Bc5 39. c4 Qg4 40. Rb3
e4 41. Qb2 Bd6 42. Rxb7+ Ka8 43. Rb3 Bxg3+ 0-1

[Event "FIDE Open World Blitz 2021"]
[Site "Warsaw"]
[Date "2021.12.30"]
[Round "15.1"]
[White "Yuffa, Daniil"]
[Black "Paravyan, David"]
[Result "1/2-1/2"]
[WhiteElo "2567"]
[BlackElo "2642"]
[Annotator "ChessBase"]
[PlyCount "133"]
[EventDate "2021.12.29"]
[EventType "swiss"]
[EventCountry "POL"]
[Tiebreak "Cut1 Buchholz"]
[SourceTitle "playchess.com"]
[Source "ChessBase"]
[SourceQuality "1"]

1. d4 Nf6 2. c4 g6 3. Nc3 d5 4. cxd5 Nxd5 5. e4 Nxc3 6. bxc3 Bg7 7. Bc4 c5 8.
Ne2 Nc6 9. Be3 cxd4 10. cxd4 Qa5+ 11. Bd2 Qa3 12. Rb1 O-O 13. O-O Bg4 14. d5
Qc5 15. Rc1 Nd4 16. Be3 Bxe2 17. Bxe2 Nxe2+ 18. Qxe2 Qa5 19. Rc5 Qa4 20. Qc4
Qxc4 21. Rxc4 Rfc8 22. Rfc1 Rxc4 23. Rxc4 b5 24. Rc7 a5 25. Rxe7 b4 26. Rb7 Bc3
27. d6 Kf8 28. d7 Bf6 29. Bc5+ Kg7 30. f4 Bd8 31. Bb6 Bxb6+ 32. Rxb6 Rd8 33.
Rd6 Kf8 34. Kf2 Ke7 35. Ra6 Rxd7 36. Rxa5 Rd2+ 37. Kf3 h5 38. e5 Ke6 39. Ra6+
Ke7 40. h4 Rb2 41. g3 Rc2 42. Rb6 Rc3+ 43. Kg2 Rc2+ 44. Kh3 Rc4 45. Kg2 Rc2+
46. Kf3 Rc3+ 47. Kg2 Rc2+ 48. Kh3 Rb2 49. g4 Rxa2 50. gxh5 gxh5 51. Rxb4 Ra3+
52. Kg2 Ke6 53. Rb6+ Kd5 54. Rf6 Ra2+ 55. Kf3 Ra3+ 56. Ke2 Ra2+ 57. Ke3 Ra3+
58. Kd2 Ra2+ 59. Kc3 Ra3+ 60. Kb4 Rh3 61. Rxf7 Rxh4 62. Rf6 Rg4 63. e6 Kd6 64.
Kc3 Ke7 65. Rh6 Rxf4 66. Rxh5 Kxe6 67. Kd3 1/2-1/2

[Event "FIDE Open World Blitz 2021"]
[Site "Warsaw"]
[Date "2021.12.30"]
[Round "15.2"]
[White "Nepomniachtchi, Ian"]
[Black "Aronian, Levon"]
[Result "1/2-1/2"]
[WhiteElo "2782"]
[BlackElo "2782"]
[Annotator "TA"]
[PlyCount "55"]
[EventDate "2021.12.29"]
[EventType "swiss"]
[EventCountry "POL"]
[Tiebreak "Cut1 Buchholz"]
[SourceTitle "playchess.com"]
[Source "ChessBase"]
[SourceQuality "1"]

1. e4 e5 2. Nf3 Nc6 3. Bb5 a6 4. Ba4 Nf6 5. O-O b5 6. Bb3 Bc5 7. a4 Rb8 8. Nxe5
Nxe5 9. d4 Bxd4 10. Qxd4 d6 11. axb5 axb5 12. f4 Nc6 13. Qd3 O-O 14. Nc3 Bb7
15. Nxb5 Nb4 16. Qc4 Bxe4 17. Qxb4 c6 18. Qxd6 Qb6+ 19. Qd4 Qxb5 20. Be3 Qf5
21. Qe5 Bxc2 22. Bxc2 Qxc2 23. Rac1 Qxb2 24. Qxb2 Rxb2 25. Bd4 Ra2 26. Bxf6
gxf6 27. Rxc6 Re8 28. Rc3 1/2-1/2

[Event "FIDE Open World Blitz 2021"]
[Site "Warsaw"]
[Date "2021.12.30"]
[Round "15.2"]
[White "Timofeev, Artyom"]
[Black "Bologan, Victor"]
[Result "0-1"]
[WhiteElo "2586"]
[BlackElo "2574"]
[Annotator "ChessBase"]
[PlyCount "142"]
[EventDate "2021.12.29"]
[EventType "swiss"]
[EventCountry "POL"]
[Tiebreak "Cut1 Buchholz"]
[SourceTitle "playchess.com"]
[Source "ChessBase"]
[SourceQuality "1"]

1. Nf3 Nf6 2. Nc3 d5 3. d4 c6 4. Bg5 Qb6 5. Rb1 Nbd7 6. e3 g6 7. Bd3 Bg7 8. O-O
h6 9. Bh4 O-O 10. Re1 Re8 11. Bg3 Nh5 12. Be5 Nhf6 13. h3 Nxe5 14. Nxe5 Nd7 15.
f4 Nxe5 16. fxe5 Be6 17. Ne2 c5 18. c3 cxd4 19. cxd4 h5 20. Nf4 Bh6 21. Qf3
Bxf4 22. Qxf4 Kg7 23. Rf1 Rf8 24. Qg5 Qc7 25. Rbc1 Qd7 26. Rf3 Rh8 27. Rcf1
Raf8 28. Rg3 Rh6 29. Qf4 h4 30. Rgf3 f6 31. exf6+ exf6 32. Rc1 g5 33. Qh2 Rc8
34. Rxc8 Qxc8 35. Qd6 Qd7 36. Qb8 b6 37. Rf1 Rh8 38. Qh2 Re8 39. Kh1 Bf7 40.
Qg1 Bg6 41. Bxg6 Kxg6 42. Qf2 Qe6 43. Qc2+ Qe4 44. Qc6 Qe6 45. Qc2+ Qe4 46. Qf2
Re6 47. a4 a5 48. b3 Kg7 49. Qf3 Qxf3 50. Rxf3 Kg6 51. g4 hxg3 52. Rxg3 Rc6 53.
Kg2 Rc2+ 54. Kf3 Rc3 55. Rg1 Rxb3 56. h4 Rb4 57. hxg5 fxg5 58. Rc1 Kf5 59. Rc6
g4+ 60. Kf2 Ke4 61. Re6+ Kd3 62. Kg3 Rxa4 63. Kxg4 b5 64. Kf4 b4 65. Rb6 Ra3
66. Rb5 b3 67. Rxd5 b2 68. Rb5 Kc3 69. Rxb2 Kxb2 70. e4 Rd3 71. d5 a4 0-1

[Event "FIDE Open World Blitz 2021"]
[Site "Warsaw"]
[Date "2021.12.30"]
[Round "15.3"]
[White "Dubov, Daniil"]
[Black "Martirosyan, Haik M."]
[Result "1-0"]
[WhiteElo "2714"]
[BlackElo "2624"]
[Annotator "ChessBase"]
[PlyCount "47"]
[EventDate "2021.12.29"]
[EventType "swiss"]
[EventCountry "POL"]
[Tiebreak "Cut1 Buchholz"]
[SourceTitle "playchess.com"]
[Source "ChessBase"]
[SourceQuality "1"]

1. d4 Nf6 2. Nf3 d5 3. c4 e6 4. g3 Be7 5. Bg2 O-O 6. O-O dxc4 7. Qc2 a6 8. a4
b6 9. Bg5 Bb7 10. Nbd2 b5 11. Bxf6 Bxf6 12. Ne4 Nd7 13. Nfg5 Bxg5 14. Nxg5 Qxg5
15. Bxb7 Ra7 16. Bc6 Nb8 17. axb5 Nxc6 18. bxc6 Qb5 19. Rfc1 Qxc6 20. Ra4 Rb8
21. Rxc4 Qb6 22. Rxc7 Rxc7 23. Qxc7 Qxb2 24. Qc8+ 1-0

[Event "FIDE Open World Blitz 2021"]
[Site "Warsaw"]
[Date "2021.12.30"]
[Round "15.3"]
[White "Christiansen, Johan-Sebastian"]
[Black "Puranik, Abhimanyu"]
[Result "0-1"]
[WhiteElo "2593"]
[BlackElo "2604"]
[Annotator "ChessBase"]
[PlyCount "166"]
[EventDate "2021.12.29"]
[EventType "swiss"]
[EventCountry "POL"]
[Tiebreak "Cut1 Buchholz"]
[SourceTitle "playchess.com"]
[Source "ChessBase"]
[SourceQuality "1"]

1. Nf3 Nf6 2. c4 c5 3. g3 b6 4. Bg2 Bb7 5. O-O e6 6. Nc3 Be7 7. Re1 O-O 8. e4
d6 9. d4 cxd4 10. Nxd4 Qc8 11. Be3 a6 12. Rc1 Nbd7 13. f4 Rd8 14. g4 Nc5 15.
Bf2 Rb8 16. g5 Ne8 17. Qe2 Bf8 18. f5 g6 19. b4 e5 20. Nc2 Nd7 21. Ne3 Ng7 22.
Ncd5 Nh5 23. Bg3 Re8 24. f6 Qd8 25. Red1 h6 26. Bh4 Nf4 27. Qf3 hxg5 28. Bxg5
Ne6 29. Qg4 b5 30. c5 dxc5 31. Ne7+ Bxe7 32. fxe7 Rxe7 33. Bxe7 Qxe7 34. Nf5
Qe8 35. Nd6 Qe7 36. Nf5 Qe8 37. Rd6 Nf6 38. Qh4 Nh5 39. Rcd1 cxb4 40. Bf3 gxf5
41. Bxh5 Bxe4 42. Rd7 Rb7 43. Bxf7+ Qxf7 44. Rxf7 Rxf7 45. Qh6 Rg7+ 46. Kf2
Rg2+ 47. Kf1 Nd4 48. Qxa6 Rg5 49. Qc8+ Kg7 50. Qc7+ Kf6 51. Qd8+ Kg6 52. Qd6+
Kh5 53. Qxe5 Rg1+ 54. Kf2 Rxd1 55. Qg7 Rd2+ 56. Ke3 Rd3+ 57. Kf2 Rd2+ 58. Ke3
Rd3+ 59. Kf2 Rf3+ 60. Ke1 Nc2+ 61. Ke2 Ne3 62. Qh7+ Kg5 63. Qg7+ Kf4 64. Qc7+
Kg4 65. Qh7 Nd5 66. Ke1 Kf4 67. Qh6+ Ke5 68. Qh8+ Kd6 69. Qf8+ Kc6 70. Qc8+ Kb6
71. Qd8+ Kc5 72. Kd2 Rf2+ 73. Ke1 Rxa2 74. h4 Ra1+ 75. Kf2 Ra2+ 76. Ke1 b3 77.
Qf8+ Kc4 78. Qc8+ Kd4 79. Qh8+ Ke3 80. Qe5 b2 81. Qg3+ Kd4 82. Qf2+ Kc4 83.
Qe2+ Bd3 0-1

[Event "FIDE Open World Blitz 2021"]
[Site "Warsaw"]
[Date "2021.12.30"]
[Round "15.4"]
[White "Erigaisi Arjun"]
[Black "Maghsoodloo, Parham"]
[Result "1-0"]
[WhiteElo "2627"]
[BlackElo "2706"]
[Annotator "ChessBase"]
[PlyCount "95"]
[EventDate "2021.12.29"]
[EventType "swiss"]
[EventCountry "POL"]
[Tiebreak "Cut1 Buchholz"]
[SourceTitle "playchess.com"]
[Source "ChessBase"]
[SourceQuality "1"]

1. Nf3 d5 2. d4 Nf6 3. c3 Bf5 4. Qb3 Qc8 5. c4 e6 6. cxd5 exd5 7. Nc3 c6 8. Bf4
Be7 9. e3 O-O 10. Be2 Nbd7 11. h3 Ne4 12. O-O a5 13. Rac1 Nxc3 14. Qxc3 a4 15.
a3 Qd8 16. Bd3 Bxd3 17. Qxd3 Ra5 18. Rc3 Rb5 19. Qc2 Qb6 20. Rb1 Ra8 21. Nd2
Qd8 22. e4 dxe4 23. Nxe4 Nf6 24. Be5 Nxe4 25. Qxe4 Qd5 26. Qe2 f6 27. Bg3 Bf8
28. Rd1 Rd8 29. Rcd3 Rb3 30. R3d2 Rb5 31. Bf4 Qf7 32. Re1 Rbd5 33. Qd1 b5 34.
Ree2 h6 35. Be3 Bd6 36. Qc1 Qd7 37. Rc2 Rc8 38. Rc3 b4 39. axb4 Bxb4 40. Rc4
Rb5 41. Rec2 Qb7 42. Rxc6 Rxc6 43. Rxc6 Bf8 44. Qc4+ Kh7 45. Rc8 Rb4 46. Qc2+
Kg8 47. Qc5 Qf7 48. Qxb4 1-0

[Event "FIDE Open World Blitz 2021"]
[Site "Warsaw"]
[Date "2021.12.30"]
[Round "15.4"]
[White "Demidov, Mikhail"]
[Black "Nasuta, Grzegorz"]
[Result "1-0"]
[WhiteElo "2592"]
[BlackElo "2377"]
[Annotator "ChessBase"]
[PlyCount "87"]
[EventDate "2021.12.29"]
[EventType "swiss"]
[EventCountry "POL"]
[Tiebreak "Cut1 Buchholz"]
[SourceTitle "playchess.com"]
[Source "ChessBase"]
[SourceQuality "1"]

1. Nf3 d5 2. d4 Nf6 3. Bf4 c5 4. dxc5 e6 5. e3 Bxc5 6. Be2 O-O 7. O-O Nc6 8. c4
b6 9. Nc3 dxc4 10. Bxc4 Bb7 11. Qe2 Qe7 12. Bg5 h6 13. Bh4 Nb4 14. a3 Nbd5 15.
Nxd5 exd5 16. Ba6 Bxa6 17. Qxa6 g5 18. Bg3 Ne4 19. Rad1 Qe6 20. b4 Be7 21. Nd4
Qd7 22. Qb5 Rad8 23. Qxd7 Rxd7 24. Nf5 Bf6 25. Nxh6+ Kh7 26. Ng4 Bg7 27. Ne5
Bxe5 28. Bxe5 f6 29. Bd4 Kg6 30. Rc1 Nd6 31. Rfd1 Nc4 32. a4 Rfd8 33. h3 Rd6
34. b5 Kf7 35. Bc3 Ke6 36. g3 R6d7 37. Kg2 Rd6 38. Bb4 R6d7 39. e4 Ne5 40. f4
gxf4 41. gxf4 Nf7 42. Rc6+ Nd6 43. Rxd5 Rg7+ 44. Kf3 1-0

[Event "FIDE Open World Blitz 2021"]
[Site "Warsaw"]
[Date "2021.12.30"]
[Round "15.5"]
[White "Najer, Evgeniy"]
[Black "Theodorou, Nikolas"]
[Result "1-0"]
[WhiteElo "2654"]
[BlackElo "2351"]
[Annotator "ChessBase"]
[PlyCount "117"]
[EventDate "2021.12.29"]
[EventType "swiss"]
[EventCountry "POL"]
[Tiebreak "Cut1 Buchholz"]
[SourceTitle "playchess.com"]
[Source "ChessBase"]
[SourceQuality "1"]

1. e4 e5 2. Nf3 Nc6 3. Bb5 a6 4. Ba4 f5 5. d3 fxe4 6. dxe4 Nf6 7. O-O d6 8. Nc3
Be7 9. Qd3 Rb8 10. Bxc6+ bxc6 11. Qc4 d5 12. Qxc6+ Bd7 13. Qxa6 d4 14. Nxe5
dxc3 15. Qc4 Rf8 16. Qxc3 Bb5 17. Re1 Qd6 18. a4 Bd7 19. Bf4 Qc5 20. Qxc5 Bxc5
21. Nd3 Ba7 22. Bxc7 Rc8 23. Bd6 Rf7 24. e5 Ng4 25. e6 Bxe6 26. Rxe6+ Kd7 27.
Re4 Nxf2 28. Ne5+ Ke6 29. Nxf7+ Nxe4+ 30. Kf1 Kxf7 31. Ba3 Rxc2 32. Rd1 Ke6 33.
Rd8 Rf2+ 34. Ke1 Rxg2 35. Ra8 Be3 36. a5 Rxh2 37. a6 Kf5 38. a7 Ng3 39. Rf8+
Kg6 40. a8=Q Re2+ 41. Kd1 Rd2+ 42. Ke1 Re2+ 43. Kd1 Rd2+ 44. Kc1 Rd8+ 45. Kc2
Rxa8 46. Rxa8 h5 47. Kd3 Bf4 48. Rf8 Be5 49. b4 h4 50. Rh8 Nh5 51. Ke4 h3 52.
Kf3 Kg5 53. Bc1+ Kh4 54. b5 g5 55. Rg8 Bf4 56. Bxf4 Nxf4 57. b6 h2 58. Rh8+ Nh5
59. Kg2 1-0

[Event "FIDE Open World Blitz 2021"]
[Site "Warsaw"]
[Date "2021.12.30"]
[Round "15.5"]
[White "Amin, Bassem"]
[Black "Artemiev, Vladislav"]
[Result "0-1"]
[WhiteElo "2617"]
[BlackElo "2699"]
[Annotator "ChessBase"]
[PlyCount "77"]
[EventDate "2021.12.29"]
[EventType "swiss"]
[EventCountry "POL"]
[Tiebreak "Cut1 Buchholz"]
[SourceTitle "playchess.com"]
[Source "ChessBase"]
[SourceQuality "1"]

1. Nf3 Nf6 2. g3 g6 3. Bg2 Bg7 4. O-O O-O 5. d3 d5 6. Nbd2 Nc6 7. e4 dxe4 8.
Nxe4 Nxe4 9. dxe4 Qxd1 10. Rxd1 Bg4 11. Rd2 a5 12. h3 Be6 13. a4 Rfd8 14. c3
Bb3 15. Bf1 Bd1 16. Kg2 Rxd2 17. Bxd2 Bc2 18. Re1 Bxa4 19. Bc4 Ne5 20. Bd5 c6
21. Ba2 Nd3 22. Ra1 Bb5 23. Nd4 Bxd4 24. cxd4 Nxb2 25. d5 Nc4 26. Bc3 cxd5 27.
exd5 Nd6 28. Rb1 Bd7 29. Be5 b5 30. Rc1 Rc8 31. Rxc8+ Bxc8 32. Kf3 Bxh3 33. Ke2
b4 34. Bb3 Bd7 35. Kd3 a4 36. Bd1 b3 37. f3 h5 38. Kc3 b2 39. Bc2 0-1

[Event "FIDE Open World Blitz 2021"]
[Site "Warsaw"]
[Date "2021.12.30"]
[Round "15.6"]
[White "Vachier-Lagrave, Maxime"]
[Black "Sindarov, Javokhir"]
[Result "1-0"]
[WhiteElo "2766"]
[BlackElo "2587"]
[Annotator "TA"]
[PlyCount "103"]
[EventDate "2021.12.29"]
[EventType "swiss"]
[EventCountry "POL"]
[Tiebreak "Cut1 Buchholz"]
[SourceTitle "playchess.com"]
[Source "ChessBase"]
[SourceQuality "1"]

1. e4 e5 2. Nf3 Nc6 3. Bb5 a6 4. Ba4 Nf6 5. O-O Nxe4 6. d4 b5 7. Bb3 d5 8. dxe5
Be6 9. c3 Bc5 10. Nbd2 O-O 11. Bc2 Nxf2 12. Rxf2 f6 13. Nf1 Bxf2+ 14. Kxf2 fxe5
15. Kg1 Bg4 16. Ne3 Be6 17. b3 e4 18. Nd4 Nxd4 19. cxd4 Qf6 20. Qd2 c5 21. Bb2
c4 22. Ba3 Rf7 23. Bc5 Rc8 24. Rf1 Qg6 25. Rxf7 Qxf7 26. Qf2 Rc7 27. Qg3 h6 28.
h3 Rd7 29. Bd1 Qf6 30. Ng4 Qg5 31. Qe5 Qg6 32. Qb8+ Kh7 33. Ne5 Qg5 34. Nxd7
Bxd7 35. Kh2 Qd2 36. Qe5 Bxh3 37. Kxh3 Qxd1 38. Qxd5 Qd3+ 39. Kh2 e3 40. Qe5 e2
41. Bf8 Qg6 42. Qxe2 c3 43. Ba3 Qf5 44. Qf3 Qc8 45. d5 c2 46. Qd3+ Kg8 47. d6
c1=Q 48. Bxc1 Qxc1 49. d7 Qc7+ 50. g3 Qd8 51. Qf5 Qb8 52. Qd5+ 1-0

[Event "FIDE Open World Blitz 2021"]
[Site "Warsaw"]
[Date "2021.12.30"]
[Round "15.6"]
[White "Dragnev, Valentin"]
[Black "Chigaev, Maksim"]
[Result "0-1"]
[WhiteElo "2396"]
[BlackElo "2626"]
[Annotator "ChessBase"]
[PlyCount "36"]
[EventDate "2021.12.29"]
[EventType "swiss"]
[EventCountry "POL"]
[Tiebreak "Cut1 Buchholz"]
[SourceTitle "playchess.com"]
[Source "ChessBase"]
[SourceQuality "1"]

1. e4 g6 2. d4 Bg7 3. Nf3 d6 4. Be3 Nf6 5. Nc3 O-O 6. Qd2 c6 7. Bh6 b5 8. a3
Bg4 9. Bd3 Bxf3 10. gxf3 e5 11. dxe5 dxe5 12. Be3 Qe7 13. f4 exf4 14. Bxf4 Nbd7
15. O-O-O a5 16. Be2 b4 17. Na4 bxa3 18. Bd6 a2 0-1

[Event "FIDE Open World Blitz 2021"]
[Site "Warsaw"]
[Date "2021.12.30"]
[Round "15.7"]
[White "Mamedyarov, Shakhriyar"]
[Black "Kravtsiv, Martyn"]
[Result "0-1"]
[WhiteElo "2765"]
[BlackElo "2616"]
[Annotator "ChessBase"]
[PlyCount "108"]
[EventDate "2021.12.29"]
[EventType "swiss"]
[EventCountry "POL"]
[Tiebreak "Cut1 Buchholz"]
[SourceTitle "playchess.com"]
[Source "ChessBase"]
[SourceQuality "1"]

1. d4 d5 2. c4 e6 3. Nc3 Bb4 4. cxd5 exd5 5. Bf4 Nf6 6. e3 Nbd7 7. Bd3 c6 8.
Nge2 Nh5 9. Bg3 Nxg3 10. hxg3 Nf6 11. Qc2 Qe7 12. a3 Bd6 13. b4 h6 14. Na4 O-O
15. Nf4 Bd7 16. Nc5 Bc8 17. Rb1 b6 18. Nb3 Bd7 19. O-O Rfb8 20. Bf5 Bxf5 21.
Qxf5 a5 22. b5 Bxf4 23. gxf4 cxb5 24. Nd2 Qxa3 25. Rxb5 a4 26. g4 Qe7 27. g5
hxg5 28. fxg5 Ne4 29. Nxe4 Qxe4 30. Qxe4 dxe4 31. Ra1 Kf8 32. Kg2 a3 33. Kg3
Ke7 34. Kf4 Kd6 35. Kxe4 Ra6 36. Kd3 a2 37. e4 Ra3+ 38. Kc4 Ra4+ 39. Kc3 Rc8+
40. Kd3 Ra3+ 41. Kd2 Rc4 42. Rxb6+ Kc7 43. Rb2 Rxd4+ 44. Kc1 Rc4+ 45. Kd2 Rd4+
46. Kc1 Rc3+ 47. Rc2 Rxc2+ 48. Kxc2 Rxe4 49. Kb3 Re2 50. Rc1+ Kd6 51. f4 Ke6
52. Rf1 Kf5 53. Kc3 Rf2 54. Re1 Kxf4 0-1

[Event "FIDE Open World Blitz 2021"]
[Site "Warsaw"]
[Date "2021.12.30"]
[Round "15.7"]
[White "Ponkratov, Pavel"]
[Black "Thybo, Jesper Sondergaard"]
[Result "1-0"]
[WhiteElo "2662"]
[BlackElo "2195"]
[Annotator "ChessBase"]
[PlyCount "93"]
[EventDate "2021.12.29"]
[EventType "swiss"]
[EventCountry "POL"]
[Tiebreak "Cut1 Buchholz"]
[SourceTitle "playchess.com"]
[Source "ChessBase"]
[SourceQuality "1"]

1. g3 d5 2. Nf3 Nf6 3. c4 e6 4. cxd5 exd5 5. Bg2 Bd6 6. O-O O-O 7. Nc3 c6 8. d3
Re8 9. e4 Nbd7 10. Qc2 Ne5 11. Nxe5 Bxe5 12. h3 Be6 13. f4 Bd4+ 14. Kh2 dxe4
15. dxe4 Qb6 16. Bd2 Rad8 17. Rae1 Bc4 18. Rf3 Qa6 19. b3 Bxc3 20. Qxc3 Rd3 21.
Rxd3 Bxd3 22. e5 Nd5 23. Qd4 h5 24. a4 Bf5 25. Bf3 g6 26. g4 hxg4 27. hxg4 Qd3
28. Qxd3 Bxd3 29. b4 Rd8 30. Kg3 a6 31. e6 fxe6 32. Rxe6 Kf7 33. Re1 Nf6 34.
Bc3 Bc2 35. g5 Nd5 36. Be5 Ne7 37. Rh1 Nf5+ 38. Kf2 Rd2+ 39. Ke1 Rd3 40. Be2
Re3 41. Rh7+ Kg8 42. Rh8+ Kf7 43. Kd2 Bxa4 44. Bc4+ Ke7 45. Rh7+ Kd8 46. Be6
Bb3 47. Bxf5 1-0

[Event "FIDE Open World Blitz 2021"]
[Site "Warsaw"]
[Date "2021.12.30"]
[Round "15.8"]
[White "Fedoseev, Vladimir"]
[Black "Alekseenko, Kirill"]
[Result "1-0"]
[WhiteElo "2704"]
[BlackElo "2710"]
[Annotator "ChessBase"]
[PlyCount "69"]
[EventDate "2021.12.29"]
[EventType "swiss"]
[EventCountry "POL"]
[Tiebreak "Cut1 Buchholz"]
[SourceTitle "playchess.com"]
[Source "ChessBase"]
[SourceQuality "1"]

1. d4 Nf6 2. c4 e6 3. Nf3 d5 4. g3 Bb4+ 5. Bd2 Be7 6. Bg2 O-O 7. O-O Nbd7 8.
Qb3 Nb6 9. c5 Nc4 10. Bf4 b6 11. Qc2 bxc5 12. dxc5 Bd7 13. b3 Na5 14. b4 Nc4
15. Nbd2 Nxd2 16. Nxd2 Bb5 17. Nb3 Ba4 18. Qd3 Bxb3 19. axb3 Qd7 20. Rfc1 c6
21. b5 Rfc8 22. bxc6 Qxc6 23. Ra6 Qb7 24. c6 Qb4 25. c7 h6 26. Ra4 Qb6 27. e4
dxe4 28. Rxe4 Nd5 29. Rec4 Ba3 30. R1c2 g5 31. Be5 Be7 32. Bxd5 exd5 33. Rc6
Qb4 34. Qxd5 Qe1+ 35. Kg2 1-0

[Event "FIDE Open World Blitz 2021"]
[Site "Warsaw"]
[Date "2021.12.30"]
[Round "15.8"]
[White "Blohberger, Felix"]
[Black "Demchenko, Anton"]
[Result "1-0"]
[WhiteElo "2490"]
[BlackElo "2655"]
[Annotator "ChessBase"]
[PlyCount "111"]
[EventDate "2021.12.29"]
[EventType "swiss"]
[EventCountry "POL"]
[Tiebreak "Cut1 Buchholz"]
[SourceTitle "playchess.com"]
[Source "ChessBase"]
[SourceQuality "1"]

1. d4 Nf6 2. Nf3 g6 3. Nc3 d5 4. Bf4 c6 5. e3 Bg7 6. h3 O-O 7. Bd3 Nbd7 8. O-O
b6 9. e4 dxe4 10. Nxe4 Bb7 11. Nxf6+ exf6 12. Re1 Re8 13. c4 Nf8 14. Rxe8 Qxe8
15. Qd2 Qd7 16. Bh6 Ne6 17. Bxg7 Kxg7 18. Bc2 Rd8 19. Rd1 Qd6 20. a3 h5 21. b4
Bc8 22. Bb3 Qc7 23. Qe3 Nf4 24. Re1 g5 25. h4 g4 26. Nd2 Qd6 27. Ne4 Qc7 28.
Ng3 Rh8 29. Bc2 Be6 30. c5 b5 31. Nf5+ Bxf5 32. Bxf5 Rd8 33. g3 Nd5 34. Qe4 a5
35. bxa5 Qxa5 36. Kg2 Qxa3 37. Bxg4 hxg4 38. Qxg4+ Kf8 39. Qh5 Kg7 40. Re4 f5
41. Qxf5 Qb2 42. Qg5+ Kh7 43. Qh5+ Kg7 44. Qg5+ Kh7 45. Qxd8 Qc2 46. Re5 Qg6
47. Qg5 Qd3 48. Qh5+ Kg7 49. Qg5+ Kh7 50. Qh5+ Kg7 51. Rg5+ Kf8 52. Qh8+ Ke7
53. Re5+ Kd7 54. Qe8+ Kc7 55. Qxf7+ Kb8 56. Re8# 1-0